000 00437cam a2200169 4500
001 D8368
008 090401t1983 xxu||||| |||| 00| 0 eng d
035 _a(Sirsi) u12513
041 _aeng
050 _a624.03
245 4 _aThe Royal Engineers standard method of measurement.
260 _aChatham, Kent
_bRoyal School of Military Engineering
_c1983
300 _aiv. c154p. 30cm
350 _a0
942 _n0
948 _c04/03/1997
999 _c87000
_d87000